| 000 | 00419nam a2200157 i 4500 | ||
|---|---|---|---|
| 001 | 87461 | ||
| 003 | ES-MaACL | ||
| 005 | 20230906175657.0 | ||
| 007 | t| | ||
| 008 | 041222q19201929xxu ||||1| eng d | ||
| 100 | 1 |
_aKretschmer, Herman L. _968818 |
|
| 245 | 1 | 0 |
_aElusive ulcer of the eladder / _cHerman L. Kretschmer. |
| 260 |
_aChicago : _b[s.n., _c192-?] |
||
| 300 |
_a7 p. ; _c18 cm. |
||
| 852 |
_aES-MaACL _j1668-F-16 |
||
| 999 |
_c87461 _d87461 |
||